Statistics for Word Scramble - Countries

Click here to take the quiz!

General Stats

  • This quiz has been taken 915 times
    (902 since last reset)
  • The average score is 11 of 15

Answer Stats

ScramblesAnswer% Correct
tsapikanPakistan
96%
niraIran
91%
qiraIraq
91%
naomOman
87%
oslaLaos
86%
oanjrdJordan
85%
iiasenodnIndonesia
80%
aualpPalau
74%
onnabelLebanon
73%
gaaapyurParaguay
72%
asebirSerbia
70%
dnioamceaMacedonia
63%
uliaaatsrAustralia
61%
biarausidaSaudi Arabia
48%
nitudebraarsiemaetUnited Arab Emirates
27%

Score Distribution

Percentile by Number Answered

Percent of People with Each Score

Your Score History

You have not taken this quiz since the last reset